000 00633nam a2200229 a 4500
001 46055
003 BD-RjUL
005 20211209054113.0
008 160730r19521947p ||||| b||| 001 0 eng d
035 _a(BD-RjUL)46173
040 _aBD-RjUL
_beng
_cBD-RjUL
041 _aeng
082 _223
_a330.1
_bAHE 1952
100 _aAhmad, Mahmud
_9130854
245 1 0 _aEconomics of Islam :
_b(a comparative study) /
_cMahmud Ahmad
250 _a2nd ed. (rev. &n enl.)
260 _aLahore :
_bSH. Muhammad asraf
_c1952
300 _axv, 227 P. ;
_c22 cm.
500 _aIncludes index
650 _aEconomics
_9131238
942 _2ddc
_cBK
999 _c46055
_d46055